000 00603nam a2200229Ia 4500
003 OSt
005 20220918205343.0
006 a|||||r|||| 00| 0
007 ta
008 220917b |||||||| |||| 00| 0 eng d
024 _a116,244
037 _cTextual
040 _aARTS
_cARTS
_beng
041 _2eng
_aeng
082 _aV63:10Y17:N5, K4
100 _aAdinarayan S P
_983787
245 0 _aCase for colour
260 _aBombay
_bAsia Publishing House India
_c1964
650 _aHISTORY
942 _hV63:10Y17:N5, K4
_cTEXL
_2CC
999 _c239572
_d239572